000 00832nas a2200229 4500
001 BR8303134
003 BR-BrBNA
005 20231205085542.0
007 ta
008 230509b bl.|||p| |||| 00| 00por d
040 _aBR-BrBNA
_bpor
_cBiblioteca Nacional de Agricultura
041 _a(Pt)
072 _aK20
100 1 _aGalvao, A.P.M.
111 1 _aSimposio IUFRO em Melhoramento Genetico e Produtividade de Especies Florestais de Rapido Crescimento
_cAguas de Sao Pedro, SP (Brazil)
_d25-30 Aug 1980
245 1 _aCoordenacao nacional de experimentacao sobre procedencias de eucalipto no Brasil
650 _aPOLITICA FLORESTAL
650 _aEUCALIPTO
773 0 _tSilvicultura (Brazil)
_xISSN 0100-3615
_g(Mar-Apr 1983), v. 8(29) p. 12-13
_wBR8303134
909 _a202311
_bLúcia
_c55
_dLúcia Elande
942 _2AGRIS
_n0
_cANA
999 _c112186
_d112186